000 00813nam a2200193 a 4500
001 000030084
005 20200930060029.0
008 110429s1998 dr 000 0 spa d
040 _aDO-SdBNP
_bspa
_cBNPHU
110 2 _aReública Dominicana
_bComisión Presidencial para la reforma y Modernización del Estado
_956789
245 1 0 _aManual del ayuntamiento :
_bguía de consulta rápida sobre la vida de los gobiernos municipales basada en la legislación municipal /
_ccoordinación Roberto Rodríguez, Domingo Batista.
260 _aSanto Domingo :
_bEditora Impretur,
_c1998.
300 _a18 p. :
_bil. ;
_c21 cm.
490 1 _aCuadernos municipales
_v0
700 1 _aRodríguez, Roberto
_ecoor
_956791
700 1 _aBatista, Domingo
_ecoor.
_956792
830 0 _aCuadernos municipales
_v0
_956790
049 _aBNPD
999 _c29576
_d29576